|
|
|
|
| LEADER |
01268nam a2200217 a 4500 |
| 001 |
GR-MES939 |
| 008 |
991111s1987 gr 000 0 gre d |
| 040 |
|
|
|a GrPaTEI
|b gre
|c GR-PaULI
|
| 245 |
0 |
0 |
|a Εισαγωγή στην κατάλυση επαφής
|n 1ος .
|p Επιλογή,σύνθεση και χαρακτηρισμός της υφής των στερεών καταλυτων.
|
| 260 |
|
|
|a Πειραιάς :
|b Σταμούλης Α,
|c 1987
|
| 300 |
|
|
|a 302σελ. :
|b πιν.,εικ.,διαγρ.
|
| 500 |
|
|
|a βιβλιογραφία:σελ(301-301).Περιέχει αλφαβητικό ευρετήριο
|
| 650 |
|
4 |
|a ΚΑΤΑΛΥΣΗ ΕΠΑΦΗΣ
|
| 650 |
|
4 |
|a Χημεία
|
| 700 |
1 |
|
|a Λυγουργιώτης, Αλέξης
|
| 710 |
0 |
|
|a Σταμούλης Α.Ε.
|
| 942 |
|
|
|2 ddc
|
| 952 |
|
|
|0 0
|1 0
|2 ddc
|4 0
|6 540_280000000000000_ΛΥΚ
|7 0
|9 264687
|a MSLG
|b MSLG
|c BSC
|d 2021-01-17
|e 24
|f 0
|g 0.00
|l 0
|o 540.28 ΛΥΚ
|p 2420000005855
|r 2021-01-17 00:00:00
|t 1
|w 2021-01-17
|y BK15
|x 19991111 0 1
|x GrPaTEI
|
| 952 |
|
|
|0 0
|1 0
|2 ddc
|4 0
|6 540_280000000000000_ΛΥΚ
|7 0
|9 264688
|a MSLG
|b MSLG
|c BSC
|d 2021-01-17
|e 24
|f 0
|g 0.00
|l 0
|o 540.28 ΛΥΚ
|p 2420000017516
|r 2021-01-17 00:00:00
|t 1
|w 2021-01-17
|y BK15
|x 20010103 0 1
|x GrPaTEI
|
| 971 |
|
|
|a .b25719816
|b 15-04-20
|c 13-09-16
|
| 999 |
|
|
|c 152237
|d 152237
|